Nguyễn Du và Truyện Kiều trong cảm hứng thơ người đời sau (từ năm 1930 đến nay)
Đã lưu trong:
| Tác giả chính: | |
|---|---|
| Định dạng: | Sách |
| Ngôn ngữ: | Vietnamese |
| Được phát hành: |
Hà Nội
Giáo Dục
2003
|
| Phiên bản: | Tái bản lần thứ hai |
| Những chủ đề: | |
| Các nhãn: |
Thêm thẻ
Không có thẻ, Là người đầu tiên thẻ bản ghi này!
|
| Thư viện lưu trữ: | Trung tâm Học liệu Lê Vũ Hùng, Trường Đại học Đồng Tháp |
|---|
| LEADER | 00879aam a22002538a 4500 | ||
|---|---|---|---|
| 001 | 00044541 | ||
| 005 | 20190813100832.0 | ||
| 008 | 130814s2007 ||||||viesd | ||
| 020 | # | # | |c 11600 |
| 041 | 0 | # | |a vie |
| 082 | 1 | 4 | |b NG527D |a 895.922 100 9 |
| 100 | 1 | # | |a Lê, Thu Yến |
| 245 | 1 | 0 | |a Nguyễn Du và Truyện Kiều trong cảm hứng thơ người đời sau (từ năm 1930 đến nay) |c Lê Thu Yến |
| 250 | # | # | |a Tái bản lần thứ hai |
| 260 | # | # | |a Hà Nội |b Giáo Dục |c 2003 |
| 300 | # | # | |a 159 tr. |c 21 cm. |
| 600 | 1 | 4 | |a Nguyễn, Du |
| 650 | # | 4 | |a Văn học |v Nghiên cứu |z Việt Nam |
| 653 | # | # | |a Tác giả |
| 653 | # | # | |a Tác phẩm |
| 653 | # | # | |a Văn học Việt Nam |
| 852 | # | # | |j KD.0025310 |
| 910 | # | # | |d 13/08/2019 |
| 980 | # | # | |a Trung tâm Học liệu Lê Vũ Hùng, Trường Đại học Đồng Tháp |